Progress on the African rubber quality project (Record no. 65919)

MARC details
000 -LEADER
fixed length control field 00302nam a2200109Ia 4500
245 #0 - TITLE STATEMENT
Title Progress on the African rubber quality project
260 ## - PUBLICATION, DISTRIBUTION, ETC. (IMPRINT)
Name of publisher The INRO news Letter
Year of publication 1999
300 ## - PHYSICAL DESCRIPTION
Number of Pages 14-15
650 ## - SUBJECT ADDED ENTRY--TOPICAL TERM
Topical Term Standard African rubber scheme
942 ## - ADDED ENTRY ELEMENTS (KOHA)
Koha item type Journals
Holdings
Withdrawn status Lost status Damaged status Not for loan Home library Current library Shelving location Date acquired Serial Enumeration / chronology Koha item type
      Journals RRII Library RRII Library Rubber chemistry 17/12/2021 Volume, Issue 9 Journals